Приложение

Доступно только в Электронных читальных залах Найти на картеНа карте
RUSMARC
00004152nmc2a22002653x 450
0015715421c-d750-425e-8934-9632f74e5ef7
00520201009195559.0
100##$a20200218l19101911k l0rusy0189 ca
1010#$arus
102##$aRU
105##$ay###
1222#$ad
2001#$aПриложение
$j30 мая 1910 г. - 11 ноября 1911 г.
$h№2
215##$a241 л.
$d36,5х26 см
251##$cДело
300##$aДело
300##$aОриг. заголовок дела: Журналы междуведомственного совещания по вопросу школьного образования в местностях с не русским населением. Приложение №2. 30 мая 1910 г. - 11 ноября 1911 г
371##$aДокумент не является опубликованным и широко распространяемым
461#0$1001a74412a3-3cc5-4d21-8f0a-dfe2fbd9e72d
$12001
$aДепартамент народного просвещения Министерства народного просвещения (1803-1917)
$1251
$cФонд
$1852
$j733
462#0$1001034a484a-12a4-4428-9420-657518f5a18a
$12001
$aДела разряда учительских институтов, семинарий и низших учебных заведений
$1251
$cОпись
$1852
$j176
5171#$aЖурналы междуведомственного совещания по вопросу школьного образования в местностях с не русским населением. Приложение №2. 30 мая 1910 г. - 11 ноября 1911 г
801#0$aRU
$bРГИА
$c20200218
$gRCR
801#1$aRU
$bГлавНИВЦ
$c20200218
$2rusmarc
801#2$aRU
$bПБ им. Б.Н. Ельцина
$c20201009
$gRCR
$2rusmarc
850##$aРГИА
852##$aРГИА
$eФедеральное казенное учреждение "Российский государственный исторический архив" (РГИА)
$j50
937##$hРГИА
$d12338811
$aASBIBLIO_SCAN
035##$aRusGRCC00002417
856##$uhttp://readingroom.main.prlib.ru/item.aspx?id_node=n148072100&mode=full
Формат отображения